Juventus Top 10 Leaders - Statistics

General Stats
  • This quiz has been taken 669 times
    589 since last reset
  • The average score is 8 of 17
Answer Stats
Goals Apps Player % Correct
290 705 Alessandro Del Piero
96%
0 685 Gianluigi Buffon
91%
36 561 Giorgio Chiellini
87%
37 501 Leonardo Bonucci
85%
171 320 David Trezeguet
68%
115 293 Paulo Dybala
64%
115 200 Roberto Baggio
45%
0 476 Dino Zoff
41%
32 552 Gaetano Scirea
35%
174 259 Omar Sívori
35%
182 459 Giampiero Boniperti
31%
179 482 Roberto Bettega
27%
52 460 Antonio Cabrini
18%
132 307 Pietro Anastasi
12%
19 528 Giuseppe Furino
10%
124 189 John Hansen
8%
163 308 Felice Borel
4%
No matching quizzes found
Score Distribution
Percent of People with Each Score
Percentile by Number Answered
Your Score History
You have not taken this quiz since the last reset